• 首页
  • 本馆介绍
  • 公告通知
  • 最新文献
  • 馆藏检索
  • 电子资源
  • 读者导购
  • 参考咨询
  • 我的图书馆
  • 登录
  • 详细信息显示
  • 放入我的书架
  • 预约/预借图书
  • 作者相关作品
  • 分类相关作品
  • 丛书相关作品
  • 出版社相关作品

书目信息

  • 表格格式
  • 工作单格式
  • 卡片格式
题名:
无障碍与校园环境
    
 
作者: 邵磊 著
分册:  
出版信息: 沈阳   辽宁人民出版社  2019.06
页数: 210页
开本: 24cm
丛书名: 国家无障碍战略研究与应用丛书
单 册:
中图分类: TU244.3
科图分类:
主题词: 残疾人--can ji ren--校园规划--环境设计--研究
电子资源:
ISBN: 978-7-205-09678-6
000 01193nam 2200277 450
001 0109110243
005 20201109110340.0
010    @a978-7-205-09678-6@b精装@dCNY78.00
100    @a20191105d2019 em y0chiy50 ea
101 0  @achi
102    @aCN@b210000
105    @aa z 000yy
106    @ar
200 1  @a无障碍与校园环境@Awu zhang ai yu xiao yuan huan jing@f邵磊等著
210    @a沈阳@c辽宁人民出版社@d2019.06
215    @a210页@c图@d24cm
225 2  @a国家无障碍战略研究与应用丛书@Aguo jia wu zhang ai zhan lue yan jiu yu ying yong cong shu@h第一辑
300    @a国家出版基金项目“十三五”国家重点图书出版规划项目
304    @a清华大学无障碍发展研究院组织编写
330    @a本书以《通用无障碍北京宣言》作为研究校园无障碍的出发点,从无障碍的理论和实践两方面对涉及校园无障碍的历史、方法、手段以及国内外案例进行了梳理、分析和总结,并对校园无障碍环境建设所面临的课题和挑战做了认真的讨论和探索,最后对我国无障碍环境建设的未来进行了展望。
461  0 @12001 @a国家无障碍战略研究与应用丛书
606 0  @a残疾人@Acan ji ren@x校园规划@x环境设计@x研究
690    @aTU244.3@v5
701  0 @a邵磊@Ashao lei@4著
801  0 @aCN@bBJSZM@c20201103
905    @b1241879-82@dTU244.3@e1731@f4
    
    无障碍与校园环境/邵磊等著.-沈阳:辽宁人民出版社,2019.06
    210页:图;24cm.-(国家无障碍战略研究与应用丛书.第一辑)
    国家出版基金项目“十三五”国家重点图书出版规划项目
    
    ISBN 978-7-205-09678-6(精装):CNY78.00
    本书以《通用无障碍北京宣言》作为研究校园无障碍的出发点,从无障碍的理论和实践两方面对涉及校园无障碍的历史、方法、手段以及国内外案例进行了梳理、分析和总结,并对校园无障碍环境建设所面临的课题和挑战做了认真的讨论和探索,最后对我国无障碍环境建设的未来进行了展望。
●
相关链接 在E读中查询图书 在五车中查询图书 在当当中查询图书 在豆瓣中查询图书


正题名:无障碍与校园环境     索取号:TU244.3/1731         预约/预借

序号 登录号 条形码 馆藏地/架位号 状态 备注
1 1241879   212418793   第二样本阅览室/ [索取号:TU244.3/1731] 在馆    
2 1241880   212418800   第三借阅区/ [索取号:TU244.3/1731] 在馆    
3 1241881   212418819   第三借阅区/ [索取号:TU244.3/1731] 在馆    
4 1241882   212418828   第三借阅区/ [索取号:TU244.3/1731] 在馆    
唐山师范学院图书馆 欢迎您!
大连网信软件有限公司© 版权所有